Comité de alto Nivel para el Perfeccionamiento y la Reestructuración del Mercado Común Centroamericano

Shranjeno v:
Bibliografske podrobnosti
Format: Texto
Oznake: Označite
Brez oznak, prvi označite!

MARC

LEADER 00000 a a2200000 04500
001 16098
003
040
245 |a Comité de alto Nivel para el Perfeccionamiento y la Reestructuración del Mercado Común Centroamericano  
773 |g número 15; páginas 31-77  
999 |c 26814  |d 26814